[Event "Speed Chess (Women) Q5"]
[Site "Chess.com INT"]
[Date "2020.06.22"]
[Round "7"]
[White "Gutsko, Anastasiya"]
[Black "Zavivaeva, Evelina"]
[Result "1-0"]
[WhiteElo "2076"]
[BlackElo "1619"]
[PlyCount "41"]
[EventDate "2020.06.22"]
[EventType "swiss (blitz)"]
[EventRounds "13"]
[EventCountry "USA"]
[SourceTitle "CBM 196 Extra"]
[Source "ChessBase"]
[SourceDate "2020.07.31"]
[SourceVersion "1"]
[SourceVersionDate "2020.07.31"]
[SourceQuality "1"]

1. e4 e5 2. Nf3 Nc6 3. Bb5 a6 4. Ba4 Nf6 5. 0-0 b5 6. Bb3 Be7 7. Re1 0-0 8. c3 d5 9. exd5 Nxd5 10. d4 exd4 11. Nxd4 Nxd4 12. Qxd4 Bb7 13. Bc2 c5 14. Qe4 f5 15. Qe6+ Kh8 16. Bxf5 Rf6 17. Qe4 Bc8 18. Bxc8 Rxc8 19. Bg5 Rf7 20. Qe6 Qd7 21. Qxd7 1-0

[Event "Speed Chess (Women) Q2"]
[Site "Chess.com INT"]
[Date "2020.06.19"]
[Round "8"]
[White "Gutsko, Anastasiya"]
[Black "Kabanova, Ekaterina"]
[Result "0-1"]
[WhiteElo "2076"]
[BlackElo "2138"]
[PlyCount "110"]
[EventDate "2020.06.19"]
[EventType "swiss (blitz)"]
[EventRounds "13"]
[EventCountry "USA"]
[SourceTitle "CBM 196 Extra"]
[Source "ChessBase"]
[SourceDate "2020.07.31"]
[SourceVersion "1"]
[SourceVersionDate "2020.07.31"]
[SourceQuality "1"]

1. e4 c5 2. c3 e6 3. d4 Qc7 4. Nf3 a6 5. Be2 b5 6. 0-0 Bb7 7. e5 d6 8. Bf4 Nd7 9. exd6 Bxd6 10. Bxd6 Qxd6 11. dxc5 Qxc5 12. Nbd2 Rd8 13. Nb3 Qc7 14. Qc1 Ngf6 15. a4 bxa4 16. Rxa4 Qb8 17. Nbd4 Nc5 18. Ra3 h5 19. Qg5 Nce4 20. Qe5 Qa8 21. Nxe6 Rd5 22. Nc7+ Kf8 23. Nxa8 Rxe5 24. Nxe5 Bxa8 25. Rxa6 Bb7 26. Rb6 Bc8 27. Rb8 Ke7 28. Rd1 Ke6 29. Nf3 Re8 30. Bc4+ Kf5 31. Nh4+ Kg5 32. Nf3+ Kg6 33. Bb5 Bd7 34. Rxe8 Bxe8 35. Bxe8 Nxe8 36. Re1 N8f6 37. Nd4 Nd2 38. Rd1 Nc4 39. b3 Nb6 40. c4 Ne4 41. Kf1 Nc3 42. Rc1 Na2 43. Rc2 Nb4 44. Rd2 Kf6 45. c5 Nc8 46. Nb5 Ke5 47. Ke2 Ne7 48. Nc3 Nec6 49. Na2 f5 50. Nxb4 Nxb4 51. Rd8 f4 52. Kf3 g5 53. Rg8 Kf5 54. h3 Nc6 55. Rc8 Nd4# 0-1

[Event "Speed Chess (Women) Q2"]
[Site "Chess.com INT"]
[Date "2020.06.19"]
[Round "6"]
[White "Gutsko, Anastasiya"]
[Black "Mudodo, Refiloe Hazel"]
[Result "1-0"]
[WhiteElo "2076"]
[BlackElo "1543"]
[PlyCount "93"]
[EventDate "2020.06.19"]
[EventType "swiss (blitz)"]
[EventRounds "13"]
[EventCountry "USA"]
[SourceTitle "CBM 196 Extra"]
[Source "ChessBase"]
[SourceDate "2020.07.31"]
[SourceVersion "1"]
[SourceVersionDate "2020.07.31"]
[SourceQuality "1"]

1. e4 e6 2. d4 d5 3. Nd2 dxe4 4. Nxe4 Bd7 5. Nf3 Bc6 6. Bd3 Nd7 7. 0-0 Ngf6 8. Ng3 Be7 9. Re1 0-0 10. c3 Bxf3 11. Qxf3 c6 12. Bf4 Re8 13. Rad1 Nf8 14. Bb1 Bd6 15. Bg5 N8d7 16. Ne4 Be7 17. Nxf6+ Bxf6 18. Bf4 Be7 19. Qd3 Nf6 20. Be5 g6 21. Qc2 Bd6 22. Qb3 Rb8 23. c4 Qe7 24. Qf3 Bxe5 25. dxe5 Nh5 26. Rd2 Red8 27. Red1 Rbc8 28. Rd6 Ng7 29. Qd3 Rxd6 30. exd6 Qd7 31. c5 b6 32. b4 a5 33. a3 axb4 34. axb4 bxc5 35. bxc5 Nf5 36. Ba2 Rb8 37. Bc4 Ng7 38. Qa3 Ne8 39. Be2 Nf6 40. Bf3 Nd5 41. h3 Rb5 42. Qa8+ Kg7 43. Rc1 Nf6 44. Bxc6 Rxc5 45. Bxd7 Rxc1+ 46. Kh2 Nxd7 47. Qa7 1-0

[Event "Speed Chess (Women) Q2"]
[Site "Chess.com INT"]
[Date "2020.06.19"]
[Round "3"]
[White "Gutsko, Anastasiya"]
[Black "Vifleemskaia, Svetlana"]
[Result "1/2-1/2"]
[WhiteElo "2076"]
[BlackElo "1943"]
[PlyCount "100"]
[EventDate "2020.06.19"]
[EventType "swiss (blitz)"]
[EventRounds "13"]
[EventCountry "USA"]
[SourceTitle "CBM 196 Extra"]
[Source "ChessBase"]
[SourceDate "2020.07.31"]
[SourceVersion "1"]
[SourceVersionDate "2020.07.31"]
[SourceQuality "1"]

1. e4 e5 2. Nf3 Nc6 3. Bb5 a6 4. Ba4 Nf6 5. 0-0 Be7 6. c3 Nxe4 7. Re1 Nf6 8. Nxe5 Nxe5 9. Rxe5 0-0 10. d4 d6 11. Re1 d5 12. Bf4 Bf5 13. Nd2 h6 14. h3 Bd6 15. Be5 b5 16. Bb3 c6 17. Nf3 Be4 18. Bxd6 Qxd6 19. Ne5 Rfe8 20. Bc2 a5 21. b3 a4 22. bxa4 Bxc2 23. Qxc2 Rxa4 24. Nd3 Raa8 25. Nc5 Nd7 26. Rxe8+ Rxe8 27. Nxd7 Qxd7 28. a4 bxa4 29. Qxa4 Re2 30. Qd1 Qe6 31. Qd3 g6 32. g3 Kg7 33. Kg2 Rb2 34. Rd1 Qe4+ 35. Qxe4 dxe4 36. c4 Kf6 37. Re1 Rc2 38. Rxe4 Rxc4 39. Kf3 Kf5 40. g4+ Kf6 41. h4 g5 42. hxg5+ hxg5 43. Ke3 Rc3+ 44. Kd2 Ra3 45. f4 gxf4 46. Rxf4+ Ke6 47. Re4+ Kd6 48. Rf4 Ke6 49. Re4+ Kd6 50. Rf4 Ke6 1/2-1/2

[Event "Speed Chess (Women) Q1"]
[Site "Chess.com INT"]
[Date "2020.06.18"]
[Round "5"]
[White "Kairbekova, Amina"]
[Black "Gutsko, Anastasiya"]
[Result "0-1"]
[WhiteElo "2065"]
[BlackElo "2076"]
[PlyCount "150"]
[EventDate "2020.06.18"]
[EventType "swiss (blitz)"]
[EventRounds "9"]
[EventCountry "USA"]
[SourceTitle "CBM 196 Extra"]
[Source "ChessBase"]
[SourceDate "2020.07.31"]
[SourceVersion "1"]
[SourceVersionDate "2020.07.31"]
[SourceQuality "1"]

1. e4 c6 2. d4 d5 3. Nd2 dxe4 4. Nxe4 Nd7 5. Ng5 Ngf6 6. Bd3 e6 7. N1f3 Bd6 8. Qe2 h6 9. Ne4 Nxe4 10. Qxe4 Nf6 11. Qe2 b6 12. Bd2 Bb7 13. 0-0-0 Qc7 14. Kb1 0-0-0 15. c3 c5 16. dxc5 Qxc5 17. Bc2 Kb8 18. Be3 Qc7 19. g3 Nd5 20. Bc1 Qe7 21. Rhe1 Qf6 22. Nd4 Rc8 23. c4 Nb4 24. Nb5 Bc5 25. Bf4+ Ka8 26. Nc7+ Rxc7 27. Bxc7 Nxc2 28. Qxc2 Qe7 29. Bf4 Rc8 30. Be3 Bb4 31. Bd2 Bc5 32. Bc3 f5 33. Ka1 g5 34. a3 a5 35. b4 axb4 36. axb4 Bxb4 37. Qa4+ Ba5 38. Bxa5 bxa5 39. Qxa5+ Kb8 40. Rc1 Rc6 41. Kb1 Ra6 42. Qb5 Qa3 43. Qb2 Qd6 44. Red1 Qc7 45. c5 Ka7 46. Rc3 Be4+ 47. Kc1 Rc6 48. Rd4 Rxc5 49. Ra4+ Ra5 50. Rxa5+ Qxa5 51. Ra3 Ka6 52. Rxa5+ Kxa5 53. Qe5+ Bd5 54. Qxe6 Bxe6 55. Kd2 Kb4 56. Ke3 Kc3 57. h4 Bd5 58. hxg5 hxg5 59. g4 f4+ 60. Ke2 Kc2 61. Kf1 Bf3 62. Kg1 Bxg4 63. Kh2 Kd2 64. f3 Bxf3 65. Kh3 g4+ 66. Kh4 g3 67. Kh3 g2 68. Kh2 Ke2 69. Kg1 Be4 70. Kh2 Kf2 71. Kh3 g1Q 72. Kh4 Qg3+ 73. Kh5 Qg6+ 74. Kh4 Kf3 75. Kh3 Qg3# 0-1

[Event "Titled Tuesday intern op 12th May"]
[Site "Chess.com INT"]
[Date "2020.05.12"]
[Round "6"]
[White "Konovalova, Vera"]
[Black "Gutsko, Anastasiya"]
[Result "0-1"]
[WhiteElo "2101"]
[BlackElo "2076"]
[PlyCount "58"]
[EventDate "2020.05.12"]
[EventType "swiss (blitz)"]
[EventRounds "10"]
[EventCountry "USA"]
[SourceTitle "EXT 2021"]
[Source "ChessBase"]
[SourceDate "2020.10.23"]
[SourceVersion "1"]
[SourceVersionDate "2020.10.23"]
[SourceQuality "1"]

1. d4 Nf6 2. Nf3 e6 3. e3 b6 4. Bd3 Bb7 5. b3 Be7 6. Bb2 0-0 7. Nbd2 c5 8. 0-0 d5 9. c4 Nbd7 10. Rc1 Rc8 11. Bb1 Ne4 12. Nxe4 dxe4 13. Nd2 Nf6 14. f3 exf3 15. Nxf3 Ng4 16. Qe2 Bg5 17. Nxg5 Qxg5 18. Rc3 Rfd8 19. h3 Nf6 20. Rcc1 Ne4 21. Bxe4 Bxe4 22. Rf4 f5 23. Rd1 cxd4 24. Rxd4 e5 25. Rxd8+ Rxd8 26. Bxe5 Rd1+ 27. Kh2 Rc1 28. h4 Qd8 29. Rf2 Qxh4# 0-1

[Event "Titled Tuesday intern op 21st April"]
[Site "Chess.com INT"]
[Date "2020.04.21"]
[Round "5"]
[White "Chabris, Christopher"]
[Black "Gutsko, Anastasiya"]
[Result "0-1"]
[WhiteElo "2125"]
[BlackElo "2076"]
[PlyCount "84"]
[EventDate "2020.04.21"]
[EventType "swiss (blitz)"]
[EventRounds "10"]
[EventCountry "USA"]
[SourceTitle "EXT 2021"]
[Source "ChessBase"]
[SourceDate "2020.10.23"]
[SourceVersion "1"]
[SourceVersionDate "2020.10.23"]
[SourceQuality "1"]

1. e4 c6 2. d4 d5 3. e5 Bf5 4. Nf3 e6 5. Be2 Nd7 6. 0-0 Ne7 7. a4 Bg6 8. a5 Nf5 9. c4 dxc4 10. Nbd2 b5 11. axb6 axb6 12. Rxa8 Qxa8 13. Nxc4 b5 14. Ne3 Nxe3 15. Bxe3 Be7 16. Bg5 Bxg5 17. Nxg5 0-0 18. h4 c5 19. Bf3 Qc8 20. h5 h6 21. Nh3 Bf5 22. g4 Bh7 23. g5 hxg5 24. Nxg5 Bf5 25. Bg4 cxd4 26. Bxf5 exf5 27. Qxd4 Qd8 28. f4 Nb6 29. Rd1 Qxd4+ 30. Rxd4 Rc8 31. b4 f6 32. exf6 gxf6 33. Ne6 Kh7 34. Kf2 Kh6 35. Rd6 Nc4 36. Rd5 Kxh5 37. Rxf5+ Kg4 38. Rxb5 Re8 39. f5 Nd6 40. Rc5 Ne4+ 41. Ke3 Nxc5 42. bxc5 Kxf5 0-1

[Event "Titled Tuesday intern op 21st April"]
[Site "Chess.com INT"]
[Date "2020.04.21"]
[Round "3"]
[White "Gutsko, Anastasiya"]
[Black "Cervantes Landeiro, Thalia"]
[Result "0-1"]
[WhiteElo "2076"]
[BlackElo "2311"]
[PlyCount "70"]
[EventDate "2020.04.21"]
[EventType "swiss (blitz)"]
[EventRounds "10"]
[EventCountry "USA"]
[SourceTitle "EXT 2021"]
[Source "ChessBase"]
[SourceDate "2020.10.23"]
[SourceVersion "1"]
[SourceVersionDate "2020.10.23"]
[SourceQuality "1"]

1. e4 c5 2. c3 Nf6 3. e5 Nd5 4. d4 cxd4 5. cxd4 d6 6. Nf3 Nc6 7. Bc4 e6 8. 0-0 Nb6 9. Bb5 dxe5 10. Nxe5 Bd7 11. Nxd7 Qxd7 12. Nc3 Be7 13. Qg4 Bf6 14. Bxc6 Qxc6 15. Be3 0-0 16. Rfd1 Rad8 17. Rac1 Qd7 18. Ne4 Nd5 19. Nxf6+ Nxf6 20. Qf3 Rc8 21. Rxc8 Rxc8 22. Bg5 Nd5 23. Qb3 h6 24. Bh4 Qc6 25. Bg3 Qc2 26. Bd6 Qxb3 27. axb3 Rc2 28. Ba3 b5 29. Bc5 Rxb2 30. Bxa7 Rxb3 31. Kf1 Rb2 32. Rc1 b4 33. Bc5 b3 34. Ba3 Ra2 35. Bd6 b2 0-1

[Event "Titled Tuesday intern op 21st April"]
[Site "Chess.com INT"]
[Date "2020.04.21"]
[Round "4"]
[White "Gutsko, Anastasiya"]
[Black "Zhuravleva, Olga"]
[Result "1/2-1/2"]
[WhiteElo "2076"]
[BlackElo "2278"]
[PlyCount "120"]
[EventDate "2020.04.21"]
[EventType "swiss (blitz)"]
[EventRounds "10"]
[EventCountry "USA"]
[SourceTitle "EXT 2021"]
[Source "ChessBase"]
[SourceDate "2020.10.23"]
[SourceVersion "1"]
[SourceVersionDate "2020.10.23"]
[SourceQuality "1"]

1. e4 e5 2. Nf3 Nc6 3. Bb5 f5 4. Bxc6 dxc6 5. Nxe5 Qd4 6. Nf3 Qxe4+ 7. Qe2 Nf6 8. Nc3 Qxe2+ 9. Nxe2 Bd6 10. d3 h6 11. Bf4 0-0 12. h4 Nd5 13. Bxd6 cxd6 14. 0-0 Bd7 15. a3 Rae8 16. Ng3 g6 17. Rfe1 Kg7 18. Rxe8 Rxe8 19. Re1 Rxe1+ 20. Nxe1 Kf6 21. Kf1 Nf4 22. Ne2 Nd5 23. Nf3 g5 24. hxg5+ hxg5 25. Nd2 b5 26. Nb3 Nb6 27. Na5 Ke5 28. f3 Na4 29. b4 c5 30. Kf2 Nb6 31. g3 Nd5 32. c3 Be8 33. bxc5 dxc5 34. Nb7 c4 35. d4+ Kf6 36. Nc5 Bc6 37. Na6 Bb7 38. Nb4 Nc7 39. Ke3 a5 40. Nc2 Nd5+ 41. Kd2 Nb6 42. Ke3 Na4 43. Ne1 Ke6 44. Kd2 Nb6 45. Ke3 Nd5+ 46. Kd2 Bc6 47. Nc2 Kd6 48. Ne3 Nxe3 49. Kxe3 Kd5 50. Ng1 b4 51. axb4 axb4 52. cxb4 Ba4 53. Ne2 Bb3 54. Nc3+ Kd6 55. f4 g4 56. Kd2 Kc6 57. Ke3 Bc2 58. Kd2 Bb3 59. Ke3 Bc2 60. Kd2 Bb3 1/2-1/2

[Event "Lvov Vasylyshyn Memorial-B 14th"]
[Site "Lvov"]
[Date "2017.12.04"]
[Round "6"]
[White "Gutsko, Anastasiya"]
[Black "Grabinsky, Vladimir"]
[Result "0-1"]
[WhiteElo "2141"]
[BlackElo "2226"]
[PlyCount "70"]
[EventDate "2017.11.29"]
[EventType "tourn"]
[EventRounds "9"]
[EventCountry "UKR"]
[EventCategory "1"]
[SourceTitle "EXT 2019"]
[Source "ChessBase"]
[SourceDate "2018.10.10"]
[SourceVersion "1"]
[SourceVersionDate "2018.10.10"]
[SourceQuality "1"]

1. e4 c5 2. c3 Nf6 3. e5 Nd5 4. d4 cxd4 5. Nf3 Nc6 6. cxd4 d6 7. Bc4 dxe5 8. Nxe5 e6 9. 0-0 Bd6 10. Re1 0-0 11. Na3 Nb6 12. Nxc6 bxc6 13. Bd3 Qh4 14. g3 Qf6 15. h4 h6 16. Qg4 Rd8 17. Nc2 Nd5 18. Ne3 Qe7 19. Qe4 Nf6 20. Qf3 Bb4 21. Rd1 Bb7 22. Ng4 Nxg4 23. Qxg4 f5 24. Qg6 Qf7 25. Qxf7+ Kxf7 26. Be3 Rd7 27. Rac1 Rad8 28. Be2 Ba5 29. Bf3 Rd6 30. Kg2 Bb6 31. Rc4 e5 32. Rdc1 Bxd4 33. Bxd4 exd4 34. Bxc6 Rxc6 35. Rxc6 Rd6 0-1

[Event "Lvov Vasylyshyn Memorial-B 14th"]
[Site "Lvov"]
[Date "2017.12.02"]
[Round "4"]
[White "Kryvoruchko, Vita"]
[Black "Gutsko, Anastasiya"]
[Result "0-1"]
[WhiteElo "2148"]
[BlackElo "2141"]
[PlyCount "98"]
[EventDate "2017.11.29"]
[EventType "tourn"]
[EventRounds "9"]
[EventCountry "UKR"]
[EventCategory "1"]
[SourceTitle "EXT 2019"]
[Source "ChessBase"]
[SourceDate "2018.10.10"]
[SourceVersion "1"]
[SourceVersionDate "2018.10.10"]
[SourceQuality "1"]

1. d4 Nf6 2. c4 e6 3. Nc3 Bb4 4. f3 d5 5. a3 Be7 6. e4 0-0 7. cxd5 exd5 8. e5 Ne8 9. Bd3 b6 10. Nge2 Bb7 11. 0-0 c5 12. f4 f5 13. Be3 Nc7 14. Bb1 Qd7 15. Ba2 c4 16. Rf3 b5 17. Rh3 a5 18. Ng3 g6 19. Bb1 Ra6 20. Nce2 Ne8 21. Qf1 Ng7 22. Rh6 Nc6 23. Qf3 Nd8 24. Nf1 Nf7 25. Rh3 Rfa8 26. Bd2 b4 27. Ne3 h5 28. Qf2 Rb6 29. Bc2 Rc8 30. Rf3 Ba6 31. h3 h4 32. g3 hxg3 33. Nxg3 c3 34. bxc3 bxc3 35. Be1 Ne6 36. Ngxf5 gxf5 37. Nxf5 Kf8 38. Bxc3 Nxf4 39. Bxa5 Rg6+ 40. Ng3 Ne2+ 41. Kh2 Rxc2 42. Rxf7+ Kg8 43. Nh5 Nf4 44. Rxf4 Rxf2+ 45. Rxf2 Bh4 46. Rf4 Qc8 47. Rg4 Qc2+ 48. Kh1 Rxg4 49. hxg4 Bd3 0-1

[Event "Lvov Vasylyshyn Memorial-B 14th"]
[Site "Lvov"]
[Date "2017.12.01"]
[Round "3"]
[White "Gutsko, Anastasiya"]
[Black "Kyrychenko, Maryan"]
[Result "0-1"]
[WhiteElo "2141"]
[BlackElo "2190"]
[PlyCount "82"]
[EventDate "2017.11.29"]
[EventType "tourn"]
[EventRounds "9"]
[EventCountry "UKR"]
[EventCategory "1"]
[SourceTitle "EXT 2019"]
[Source "ChessBase"]
[SourceDate "2018.10.10"]
[SourceVersion "1"]
[SourceVersionDate "2018.10.10"]
[SourceQuality "1"]

1. e4 c5 2. c3 d5 3. exd5 Qxd5 4. d4 g6 5. Nf3 Bg7 6. Na3 cxd4 7. Nb5 Na6 8. cxd4 Nh6 9. Nc3 Qd8 10. Bb5+ Bd7 11. Bxd7+ Qxd7 12. Bxh6 Bxh6 13. Ne5 Qf5 14. Qa4+ Kf8 15. 0-0 Kg7 16. g4 Qe6 17. f4 f6 18. f5 Qd6 19. Nf3 gxf5 20. gxf5 Rhg8 21. Kh1 Kh8 22. Rae1 Rg7 23. Qb5 Rb8 24. Re4 Nc7 25. Qe2 Rbg8 26. Rg1 Rxg1+ 27. Nxg1 Nd5 28. Qh5 Nxc3 29. bxc3 Qd5 30. Qf3 Qxa2 31. Rxe7 Qa1 32. Qf2 Qxc3 33. d5 Qd3 34. Re1 Qxd5+ 35. Nf3 Qxf5 36. Rf1 a5 37. Qa2 Qd3 38. Qa1 Qe2 39. Nh4 Qe5 40. Qa4 Qd5+ 41. Nf3 Be3 0-1

[Event "Fagernes op"]
[Site "Fagernes"]
[Date "2016.03.27"]
[Round "9.12"]
[White "Risting, Eivind Olav"]
[Black "Gutsko, Anastasiya"]
[Result "1/2-1/2"]
[WhiteElo "2102"]
[BlackElo "2154"]
[PlyCount "51"]
[EventDate "2016.03.20"]
[EventType "swiss"]
[EventRounds "9"]
[EventCountry "NOR"]
[SourceTitle "CBM 171 Extra"]
[Source "ChessBase"]
[SourceDate "2016.04.26"]
[SourceVersion "1"]
[SourceVersionDate "2016.04.26"]
[SourceQuality "1"]

1. e4 d5 2. exd5 Qxd5 3. Nc3 Qd8 4. Nf3 Bg4 5. h3 Bh5 6. g4 Bg6 7. Ne5 Nd7 8. Nxg6 hxg6 9. Bg2 c6 10. b4 e6 11. Rb1 Ngf6 12. b5 Nd5 13. bxc6 bxc6 14. Nxd5 cxd5 15. c4 dxc4 16. Qa4 Rb8 17. Rxb8 Qxb8 18. Bc6 Qc7 19. Bb2 f6 20. Kd1 Bd6 21. Re1 Ke7 22. Bxd7 Qxd7 23. Qxc4 Rxh3 24. g5 Rh5 25. gxf6+ gxf6 26. Bc3 1/2-1/2

[Event "Fagernes op"]
[Site "Fagernes"]
[Date "2016.03.21"]
[Round "2.15"]
[White "Machlik, Edit"]
[Black "Gutsko, Anastasiya"]
[Result "1-0"]
[WhiteElo "2056"]
[BlackElo "2154"]
[PlyCount "101"]
[EventDate "2016.03.20"]
[EventType "swiss"]
[EventRounds "9"]
[EventCountry "NOR"]
[SourceTitle "CBM 171 Extra"]
[Source "ChessBase"]
[SourceDate "2016.04.26"]
[SourceVersion "1"]
[SourceVersionDate "2016.04.26"]
[SourceQuality "1"]

1. d4 Nf6 2. c4 e6 3. Nc3 Bb4 4. Qc2 0-0 5. a3 Bxc3+ 6. Qxc3 d6 7. f3 b6 8. Bg5 Qe7 9. e4 e5 10. d5 a5 11. b3 Re8 12. Qc2 Na6 13. Ne2 Nc5 14. g4 a4 15. b4 Nb3 16. Rd1 Bd7 17. Be3 Reb8 18. Nc3 Ne8 19. Bd3 Ra7 20. 0-0 g6 21. Ne2 Ng7 22. Ng3 f6 23. Rf2 Kf7 24. h3 Rh8 25. Kg2 h5 26. Qb1 h4 27. Ne2 f5 28. f4 fxg4 29. fxe5+ Kg8 30. e6 gxh3+ 31. Kh2 Be8 32. Rg1 c5 33. b5 Nh5 34. Bg5 Qg7 35. Qf1 Qe5+ 36. Kxh3 Kh7 37. Rf8 Rxf8 38. Qxf8 Ng7 39. Bf6 Qh5 40. Rf1 Nd2 41. Nf4 Qh6 42. Rf2 Nxc4 43. Bxc4 g5 44. Rg2 gxf4 45. Bd3 Bg6 46. Rg4 c4 47. Bc2 f3 48. Rxh4 f2 49. Rxh6+ Kxh6 50. Qh8+ Bh7 51. Kg2 1-0

[Event "Cappelle op 32nd"]
[Site "Cappelle la Grande"]
[Date "2016.02.17"]
[Round "6"]
[White "Prasanna Raghuram, Rao"]
[Black "Gutsko, Anastasiya"]
[Result "1-0"]
[WhiteElo "2460"]
[BlackElo "2140"]
[PlyCount "65"]
[EventDate "2016.02.13"]
[EventType "swiss"]
[EventRounds "9"]
[EventCountry "FRA"]
[SourceTitle "EXT 2017"]
[Source "ChessBase"]
[SourceDate "2016.10.25"]
[SourceVersion "1"]
[SourceVersionDate "2016.10.25"]
[SourceQuality "1"]

1. d4 Nf6 2. c4 e6 3. Nf3 b6 4. a3 Bb7 5. Nc3 Be7 6. Qc2 c5 7. d5 exd5 8. cxd5 Bxd5 9. e4 Bc6 10. e5 Nd5 11. Ne4 h6 12. Bc4 0-0 13. 0-0 Nc7 14. Rd1 Ne6 15. Ba2 Re8 16. b4 Na6 17. Bxe6 fxe6 18. b5 Bxe4 19. Qxe4 Nc7 20. Bxh6 gxh6 21. Qg6+ Kh8 22. Qxh6+ Kg8 23. Qg6+ Kh8 24. Rd3 Rf8 25. Ng5 Bxg5 26. Rh3+ Bh4 27. Qh5+ Kg7 28. Rxh4 Rf5 29. Qh7+ Kf8 30. Rg4 Rg5 31. Qh6+ Kf7 32. Rxg5 Qh8 33. Qg6+ 1-0

[Event "Cappelle op 32nd"]
[Site "Cappelle la Grande"]
[Date "2016.02.15"]
[Round "3"]
[White "Gutsko, Anastasiya"]
[Black "Colmenares, Aurelio"]
[Result "0-1"]
[WhiteElo "2140"]
[BlackElo "2352"]
[PlyCount "124"]
[EventDate "2016.02.13"]
[EventType "swiss"]
[EventRounds "9"]
[EventCountry "FRA"]
[SourceTitle "EXT 2017"]
[Source "ChessBase"]
[SourceDate "2016.10.25"]
[SourceVersion "1"]
[SourceVersionDate "2016.10.25"]
[SourceQuality "1"]

1. e4 c5 2. c3 Nf6 3. e5 Nd5 4. d4 cxd4 5. Nf3 e6 6. cxd4 d6 7. Bc4 Nc6 8. 0-0 Be7 9. Qe2 0-0 10. Nc3 dxe5 11. dxe5 Nxc3 12. bxc3 Qa5 13. Bd2 Rd8 14. Qe4 Qa4 15. Bg5 h6 16. Bxe7 Nxe7 17. Bd3 Qxe4 18. Bxe4 Rb8 19. Rfd1 Bd7 20. Rd6 Bc6 21. Nd2 Rdc8 22. Rc1 Rc7 23. Kf1 Rbc8 24. Ke2 Bxe4 25. Nxe4 Ng6 26. Rcd1 Nxe5 27. Rd8+ Rxd8 28. Rxd8+ Kh7 29. f4 Nc6 30. Ra8 b6 31. Rf8 Rd7 32. g4 Kg6 33. h4 h5 34. gxh5+ Kxh5 35. Rh8+ Kg4 36. Ke3 Ne7 37. Nf2+ Kg3 38. Ne4+ Kg2 39. Rh7 Nf5+ 40. Ke2 a6 41. h5 Re7 42. Rh8 e5 43. fxe5 Rxe5 44. Kd3 Rd5+ 45. Kc2 Ne3+ 46. Kc1 f5 47. Nd2 f4 48. h6 gxh6 49. Rxh6 Kf2 50. Rf6 Ke2 51. Nb3 f3 52. Nd4+ Rxd4 53. cxd4 f2 54. Kb2 f1Q 55. Rxf1 Kxf1 56. Kc3 Ke2 57. a3 Kf3 58. Kd3 Nd5 59. Kc4 Ke4 60. a4 a5 61. Kb3 Kxd4 62. Ka3 Kc3 0-1

[Event "Fagernes TV 2 op"]
[Site "Fagernes"]
[Date "2015.12.29"]
[Round "4"]
[White "Gutsko, Anastasiya"]
[Black "Machlik, Edit"]
[Result "1/2-1/2"]
[WhiteElo "2177"]
[BlackElo "2034"]
[PlyCount "87"]
[EventDate "2015.12.27"]
[EventType "swiss"]
[EventRounds "9"]
[EventCountry "NOR"]
[SourceTitle "CBM 170 Extra"]
[Source "ChessBase"]
[SourceDate "2016.02.25"]
[SourceVersion "1"]
[SourceVersionDate "2016.02.25"]
[SourceQuality "1"]

1. e4 c6 2. d4 d5 3. Nc3 dxe4 4. Nxe4 Bf5 5. Ng3 Bg6 6. h4 h6 7. Nf3 Nd7 8. h5 Bh7 9. Bd3 Bxd3 10. Qxd3 e6 11. Bd2 Qc7 12. Ne4 Ngf6 13. c4 0-0-0 14. 0-0-0 Nc5 15. Nxc5 Bxc5 16. Rh4 Qe7 17. Ba5 Bb6 18. Bxb6 axb6 19. Qe2 Rhe8 20. Rh3 Rg8 21. Ne5 Nd7 22. Re3 Nxe5 23. Rxe5 Rd7 24. a3 Rgd8 25. Qe3 Qf6 26. f4 c5 27. d5 exd5 28. Rexd5 Rxd5 29. cxd5 Rd6 30. g4 Kd8 31. Kc2 g6 32. Qe5 Kd7 33. a4 gxh5 34. gxh5 Qe7 35. Kc3 Rf6 36. Rg1 Qxe5+ 37. fxe5 Rf5 38. Rg7 Ke8 39. e6 Rxh5 40. Rxf7 Rxd5 41. Rxb7 Rd6 42. Kc4 Rxe6 43. Kb5 Kd8 44. Rh7 1/2-1/2

[Event "Fagernes TV 2 op"]
[Site "Fagernes"]
[Date "2015.12.27"]
[Round "1"]
[White "Gutsko, Anastasiya"]
[Black "Rausis, Igors"]
[Result "0-1"]
[WhiteElo "2177"]
[BlackElo "2600"]
[PlyCount "64"]
[EventDate "2015.12.27"]
[EventType "swiss"]
[EventRounds "9"]
[EventCountry "NOR"]
[SourceTitle "CBM 170 Extra"]
[Source "ChessBase"]
[SourceDate "2016.02.25"]
[SourceVersion "1"]
[SourceVersionDate "2016.02.25"]
[SourceQuality "1"]

1. e4 e5 2. Nf3 Nc6 3. Bb5 a6 4. Ba4 Nf6 5. 0-0 b5 6. Bb3 Bb7 7. d3 Bc5 8. Nc3 d6 9. a4 b4 10. Nd5 Na5 11. Bg5 Nxb3 12. Bxf6 gxf6 13. cxb3 f5 14. Qd2 c6 15. Nxb4 Qb6 16. Na2 fxe4 17. dxe4 Qxb3 18. Qg5 h6 19. Qf6 Rg8 20. Nh4 Bc8 21. Nf5 Bxf5 22. Qxf5 Qxb2 23. Qh7 Ke7 24. Qxh6 Bxf2+ 25. Kh1 Rxg2 26. Rab1 Rag8 27. Rfd1 Qd4 28. h4 Rg1+ 29. Rxg1 Qxe4+ 30. Kh2 Bxg1+ 31. Rxg1 Qe2+ 32. Kh1 Qf3+ 0-1